<?xml version="1.0" encoding="UTF-8"?>
<record
    xmlns:xsi="http://www.w3.org/2001/XMLSchema-instance"
    xsi:schemaLocation="http://www.loc.gov/MARC21/slim http://www.loc.gov/standards/marcxml/schema/MARC21slim.xsd"
    xmlns="http://www.loc.gov/MARC21/slim">

  <leader>02256nam0a22003491  4500</leader>
  <controlfield tag="001">v19\rc\1639016</controlfield>
  <controlfield tag="005">20260406145032.0</controlfield>
  <datafield tag="035" ind1=" " ind2=" ">
    <subfield code="a">(NLR Aleph) 004752670</subfield>
  </datafield>
  <datafield tag="090" ind1=" " ind2=" ">
    <subfield code="a">4544711</subfield>
    <subfield code="c">4544711</subfield>
  </datafield>
  <datafield tag="100" ind1=" " ind2=" ">
    <subfield code="a">20061002d1901    |||y0rusy50      ca</subfield>
  </datafield>
  <datafield tag="101" ind1="0" ind2=" ">
    <subfield code="a">rus</subfield>
  </datafield>
  <datafield tag="102" ind1=" " ind2=" ">
    <subfield code="a">RU</subfield>
  </datafield>
  <datafield tag="105" ind1=" " ind2=" ">
    <subfield code="a">a   z   |||||</subfield>
  </datafield>
  <datafield tag="200" ind1="1" ind2=" ">
    <subfield code="a">&#x41F;&#x440;&#x435;&#x43F;&#x43E;&#x434;&#x43E;&#x431;&#x43D;&#x430;&#x44F; &#x41C;&#x430;&#x440;&#x438;&#x44F; &#x415;&#x433;&#x438;&#x43F;&#x435;&#x442;&#x441;&#x43A;&#x430;&#x44F;</subfield>
    <subfield code="e">[&#x421;&#x431;&#x43E;&#x440;&#x43D;&#x438;&#x43A;]</subfield>
    <subfield code="f">&#x41D;.&#x427;.</subfield>
  </datafield>
  <datafield tag="205" ind1=" " ind2=" ">
    <subfield code="a">2-&#x435; &#x438;&#x437;&#x434;.</subfield>
  </datafield>
  <datafield tag="210" ind1=" " ind2=" ">
    <subfield code="a">&#x41C;&#x43E;&#x441;&#x43A;&#x432;&#x430;</subfield>
    <subfield code="c">&#x442;&#x438;&#x43F;. &#x442;-&#x432;&#x430; &#x418;.&#x414;. &#x421;&#x44B;&#x442;&#x438;&#x43D;&#x430;</subfield>
    <subfield code="d">1901</subfield>
  </datafield>
  <datafield tag="215" ind1=" " ind2=" ">
    <subfield code="a">126, II &#x441;.</subfield>
    <subfield code="c">&#x438;&#x43B;.</subfield>
  </datafield>
  <datafield tag="300" ind1=" " ind2=" ">
    <subfield code="a">&#x417;&#x430;&#x433;&#x43B;. &#x43E;&#x431;&#x43B;.: &#x416;&#x438;&#x437;&#x43D;&#x44C; &#x43F;&#x440;&#x435;&#x43F;&#x43E;&#x434;&#x43E;&#x431;&#x43D;&#x43E;&#x439; &#x43C;&#x430;&#x442;&#x435;&#x440;&#x438; &#x43D;&#x430;&#x448;&#x435;&#x439; &#x41C;&#x430;&#x440;&#x438;&#x438; &#x415;&#x433;&#x438;&#x43F;&#x435;&#x442;&#x441;&#x43A;&#x43E;&#x439;</subfield>
  </datafield>
  <datafield tag="327" ind1="1" ind2=" ">
    <subfield code="a">&#x421;&#x43E;&#x434;&#x435;&#x440;&#x436;.: &#x416;&#x438;&#x437;&#x43D;&#x435;&#x43E;&#x43F;&#x438;&#x441;&#x430;&#x43D;&#x438;&#x435; &#x43F;&#x440;&#x435;&#x43F;. &#x41C;&#x430;&#x440;&#x438;&#x438; &#x415;&#x433;&#x438;&#x43F;&#x435;&#x442;&#x441;&#x43A;&#x43E;&#x439;. &#x41F;&#x440;&#x435;&#x43F;&#x43E;&#x434;&#x43E;&#x431;&#x43D;&#x430;&#x44F; &#x41C;&#x430;&#x440;&#x438;&#x44F; &#x43A;&#x430;&#x43A; &#x43E;&#x431;&#x440;&#x430;&#x437;&#x435;&#x446; &#x43F;&#x43E;&#x43A;&#x430;&#x44F;&#x43D;&#x438;&#x44F;. &#x41E; &#x441;&#x432;. &#x43F;&#x43E;&#x43A;&#x430;&#x44F;&#x43D;&#x438;&#x438; &#x438; &#x435;&#x432;&#x445;&#x430;&#x440;&#x438;&#x441;&#x442;&#x438;&#x438;. &#x418;&#x437;&#x432;&#x43B;&#x435;&#x447;&#x435;&#x43D;&#x438;&#x435; &#x438;&#x437; &#x412;&#x435;&#x43B;&#x438;&#x43A;&#x43E;&#x433;&#x43E; &#x43A;&#x430;&#x43D;&#x43E;&#x43D;&#x430; &#x441;&#x432;. &#x410;&#x43D;&#x434;&#x440;&#x435;&#x44F; &#x41A;&#x440;&#x438;&#x442;&#x441;&#x43A;&#x43E;&#x433;&#x43E; (&#x432; &#x441;&#x442;&#x438;&#x445;&#x430;&#x445;)</subfield>
  </datafield>
  <datafield tag="464" ind1=" " ind2="0">
    <subfield code="1">2001#$a&#x416;&#x438;&#x437;&#x43D;&#x435;&#x43E;&#x43F;&#x438;&#x441;&#x430;&#x43D;&#x438;&#x435; &#x43F;&#x440;&#x435;&#x43F;&#x43E;&#x434;&#x43E;&#x431;&#x43D;&#x43E;&#x439; &#x41C;&#x430;&#x440;&#x438;&#x438; &#x415;&#x433;&#x438;&#x43F;&#x435;&#x442;&#x441;&#x43A;&#x43E;&#x439;</subfield>
    <subfield code="t">&#x416;&#x438;&#x437;&#x43D;&#x435;&#x43E;&#x43F;&#x438;&#x441;&#x430;&#x43D;&#x438;&#x435; &#x43F;&#x440;&#x435;&#x43F;&#x43E;&#x434;&#x43E;&#x431;&#x43D;&#x43E;&#x439; &#x41C;&#x430;&#x440;&#x438;&#x438; &#x415;&#x433;&#x438;&#x43F;&#x435;&#x442;&#x441;&#x43A;&#x43E;&#x439;</subfield>
  </datafield>
  <datafield tag="464" ind1=" " ind2="0">
    <subfield code="1">2001#$a&#x41F;&#x440;&#x435;&#x43F;&#x43E;&#x434;&#x43E;&#x431;&#x43D;&#x430;&#x44F; &#x41C;&#x430;&#x440;&#x438;&#x44F; &#x43A;&#x430;&#x43A; &#x43E;&#x431;&#x440;&#x430;&#x437;&#x435;&#x446; &#x43F;&#x43E;&#x43A;&#x430;&#x44F;&#x43D;&#x438;&#x44F;</subfield>
    <subfield code="t">&#x41F;&#x440;&#x435;&#x43F;&#x43E;&#x434;&#x43E;&#x431;&#x43D;&#x430;&#x44F; &#x41C;&#x430;&#x440;&#x438;&#x44F; &#x43A;&#x430;&#x43A; &#x43E;&#x431;&#x440;&#x430;&#x437;&#x435;&#x446; &#x43F;&#x43E;&#x43A;&#x430;&#x44F;&#x43D;&#x438;&#x44F;</subfield>
  </datafield>
  <datafield tag="464" ind1=" " ind2="0">
    <subfield code="1">2001#$a&#x41E; &#x441;&#x432;. &#x43F;&#x43E;&#x43A;&#x430;&#x44F;&#x43D;&#x438;&#x438; &#x438; &#x435;&#x432;&#x445;&#x430;&#x440;&#x438;&#x441;&#x442;&#x438;&#x438;</subfield>
    <subfield code="t">&#x41E; &#x441;&#x432;. &#x43F;&#x43E;&#x43A;&#x430;&#x44F;&#x43D;&#x438;&#x438; &#x438; &#x435;&#x432;&#x445;&#x430;&#x440;&#x438;&#x441;&#x442;&#x438;&#x438;</subfield>
  </datafield>
  <datafield tag="464" ind1=" " ind2="0">
    <subfield code="1">2001#$a&#x418;&#x437;&#x432;&#x43B;&#x435;&#x447;&#x435;&#x43D;&#x438;&#x435; &#x438;&#x437; &#x412;&#x435;&#x43B;&#x438;&#x43A;&#x43E;&#x433;&#x43E; &#x43A;&#x430;&#x43D;&#x43E;&#x43D;&#x430; &#x441;&#x432;. &#x410;&#x43D;&#x434;&#x440;&#x435;&#x44F; &#x41A;&#x440;&#x438;&#x442;&#x441;&#x43A;&#x43E;&#x433;&#x43E;$e&#x412; &#x441;&#x442;&#x438;&#x445;&#x430;&#x445;</subfield>
    <subfield code="1">700#0$a&#x410;&#x43D;&#x434;&#x440;&#x435;&#x439; &#x41A;&#x440;&#x438;&#x442;&#x441;&#x43A;&#x438;&#x439;$c&#x430;&#x440;&#x445;&#x438;&#x435;&#x43F;&#x438;&#x441;&#x43A;&#x43E;&#x43F;$f633-712$3RU\NLR\AUTH\774461</subfield>
    <subfield code="t">&#x418;&#x437;&#x432;&#x43B;&#x435;&#x447;&#x435;&#x43D;&#x438;&#x435; &#x438;&#x437; &#x412;&#x435;&#x43B;&#x438;&#x43A;&#x43E;&#x433;&#x43E; &#x43A;&#x430;&#x43D;&#x43E;&#x43D;&#x430; &#x441;&#x432;. &#x410;&#x43D;&#x434;&#x440;&#x435;&#x44F; &#x41A;&#x440;&#x438;&#x442;&#x441;&#x43A;&#x43E;&#x433;&#x43E;</subfield>
    <subfield code="a">&#x410;&#x43D;&#x434;&#x440;&#x435;&#x439; &#x41A;&#x440;&#x438;&#x442;&#x441;&#x43A;&#x438;&#x439; (&#x430;&#x440;&#x445;&#x438;&#x435;&#x43F;&#x438;&#x441;&#x43A;&#x43E;&#x43F; ; 633-712)</subfield>
  </datafield>
  <datafield tag="512" ind1="0" ind2=" ">
    <subfield code="a">&#x416;&#x438;&#x437;&#x43D;&#x44C; &#x43F;&#x440;&#x435;&#x43F;&#x43E;&#x434;&#x43E;&#x431;&#x43D;&#x43E;&#x439; &#x43C;&#x430;&#x442;&#x435;&#x440;&#x438; &#x43D;&#x430;&#x448;&#x435;&#x439; &#x41C;&#x430;&#x440;&#x438;&#x438; &#x415;&#x433;&#x438;&#x43F;&#x435;&#x442;&#x441;&#x43A;&#x43E;&#x439;</subfield>
  </datafield>
  <datafield tag="702" ind1=" " ind2="0">
    <subfield code="4">570</subfield>
    <subfield code="8">rus</subfield>
    <subfield code="7">ca</subfield>
    <subfield code="a">&#x41C;&#x430;&#x440;&#x438;&#x44F; &#x415;&#x433;&#x438;&#x43F;&#x435;&#x442;&#x441;&#x43A;&#x430;&#x44F;</subfield>
    <subfield code="f">6 &#x432;.</subfield>
    <subfield code="c">&#x441;&#x432;&#x44F;&#x442;&#x430;&#x44F;</subfield>
    <subfield code="3">RU\NLR\AUTH\774462</subfield>
    <subfield code="9">114442</subfield>
  </datafield>
  <datafield tag="801" ind1=" " ind2="0">
    <subfield code="a">RU</subfield>
    <subfield code="b">NLR</subfield>
    <subfield code="g">psbo</subfield>
  </datafield>
  <datafield tag="801" ind1=" " ind2="0">
    <subfield code="a">RU</subfield>
    <subfield code="b">RuMoRGB</subfield>
    <subfield code="2">psbo</subfield>
  </datafield>
  <datafield tag="801" ind1=" " ind2="1">
    <subfield code="a">RU</subfield>
    <subfield code="b">ProSoft-M</subfield>
    <subfield code="2">rusmarc</subfield>
  </datafield>
  <datafield tag="852" ind1=" " ind2=" ">
    <subfield code="a">NLR</subfield>
    <subfield code="j">34.1.5.57</subfield>
  </datafield>
  <datafield tag="942" ind1=" " ind2=" ">
    <subfield code="c">BOOK</subfield>
  </datafield>
  <datafield tag="980" ind1=" " ind2=" ">
    <subfield code="a">NB</subfield>
  </datafield>
  <datafield tag="995" ind1=" " ind2=" ">
    <subfield code="5">2013-10-26</subfield>
    <subfield code="b">NLR02</subfield>
    <subfield code="c">NLR02</subfield>
    <subfield code="e">RFS</subfield>
    <subfield code="f">4752670-10</subfield>
    <subfield code="k">34.1.5.57</subfield>
    <subfield code="o">0</subfield>
    <subfield code="r">BOOK</subfield>
    <subfield code="s">341557_</subfield>
  </datafield>
</record>
